Dzielnice Warszawy - Statystyki

Ogólne statystyki
  • Ten quiz został rozwiązany 37 razy
  • Średni wynik to 11 z 18
Statystyki odpowiedzi
Dzielnica % Poprawnych
Praga Północ
84%
Praga Południe
84%
Mokotów
81%
Śródmieście
77%
Włochy
65%
Bemowo
61%
Ursus
61%
Wola
61%
Żoliborz
61%
Targówek
58%
Wawer
58%
Białołęka
55%
Ochota
55%
Bielany
52%
Ursynów
52%
Wilanów
52%
Rembertów
35%
Wesoła
32%
Nie znaleziono quizów pasujących do podanych kryteriów
Rozkład punktacji
Procent ludzi z każdym wynikiem
Percentyl według liczby udzielonych odpowiedzi
Twoja historia wyników
Nie rozwiązałeś tego quizu